| 000 | 00870cam a2200265 i 4500 | ||
|---|---|---|---|
| 001 | 6150 | ||
| 003 | BD-RjUL | ||
| 005 | 20211208234208.0 | ||
| 008 | 140109s1978 mdua 001 0 eng | ||
| 020 | _a0914894196 | ||
| 035 | _a(BD-RjUL)6189 | ||
| 040 |
_aDLC _cDLC _dDLC _dBD-RjUL _beng |
||
| 041 | _aeng | ||
| 082 | 0 | 0 |
_a001.6424 _bFIP 1978 |
| 100 | 1 |
_aFindlay, William, _d1947- _919358 |
|
| 245 | 1 | 0 |
_aPascal : _ban introduction to methodical programming / _cby William Findlay & David A. Watt. |
| 260 |
_aPotomac, Md. : _bComputer Science Press, _c1978. |
||
| 300 |
_axii, 306 p. : _bill. ; _c23 cm. |
||
| 504 | _aIncludes index. | ||
| 650 | 0 |
_aPascal (Computer program language) _91014 |
|
| 700 | 1 |
_aWatt, David A. _q(David Anthony), _ejoint author. _919360 |
|
| 942 |
_2ddc _cBK |
||
| 999 |
_c6150 _d6150 |
||